000 00598nam a2200193Ia 4500
003 GCL
008 140319s9999 xx 000 0 ara d
040 _aGCL /
_cGCL
082 0 4 _a811.9
_bس ك
100 1 _aسعدى يوسف
245 1 0 _aكل حانات العالم من جلجامش الى مراكش /
_cسعدى يوسف
260 _a[S.N] :
_bالمؤسسة العربية للدراسات والنشر ،
_c1994
300 _a159 ص
490 _a
650 0 4 _aالشعر العربى
650 0 4 _aالادب العربى
650 0 4 _aالعصر الحديث
942 _2ddc
_cBK
999 _c30948
_d30948